000 00325nam a2200145Ia 4500
100 _aJamsa/Kris
942 _cBK
654 _aDOS complete reference
245 _aDOS :Complete Reference
260 _bOsborne Mc graw Hill
_aCalifornia
_c1993
082 _a5.43
_bPAN
300 _a1121
546 _aENGLISH
999 _c33956
_d33956